Rizika a výnosy hedgeových fondů
Vymedzenie pojmov: Obchodné riziko, úverové riziko, riziko likvidity, trhové riziko, operačné riziko, personálne riziko.
Na minha lista:
| Autor principal: | |
|---|---|
| Formato: | Capítulo de Livro |
| Idioma: | tcheco |
| Assuntos: | |
| Tags: |
Sem tags, seja o primeiro a adicionar uma tag!
|
MARC
| LEADER | 00000nla$a2200000$$$4500 | ||
|---|---|---|---|
| 001 | 0054028 | ||
| 005 | 20231121080743.1 | ||
| 041 | 0 | |a cze | |
| 044 | |a SK | ||
| 245 | 1 | 0 | |a Rizika a výnosy hedgeových fondů |c Zdeněk Stanovský |
| 520 | |a Vymedzenie pojmov: Obchodné riziko, úverové riziko, riziko likvidity, trhové riziko, operačné riziko, personálne riziko. | ||
| 610 | 2 | 0 | |a trh burzový |
| 610 | 2 | 0 | |a riziko obchodné |
| 610 | 2 | 0 | |a riziko likvidity |
| 610 | 2 | 0 | |a riziko trhové |
| 610 | 2 | 0 | |a riziko úverové |
| 610 | 2 | 0 | |a pojmy |
| 610 | 2 | 0 | |a riziko operačné |
| 610 | 2 | 0 | |a hedging |
| 610 | 2 | 0 | |a fondy dlhopisové |
| 100 | 1 | |a Stanovský, Zdeněk | |